000 00777nam a2200217Ii 4500
003 JO-AjNU
008 230605s9999||||xx |||||||||||||| ||und||
020 _a9973-16-548-9
040 _aJO-AjNU
_bara
_erda
_cJO-AjNU
041 _aara
050 1 4 _aPJ7521.A5 1998
100 3 _aالانباري،أبو البركات ؛تحقيق عطية عامر,
_eauthor
_919033
245 0 0 _aنزهة الألباء في طبقات الادباء
250 _aط1
264 3 1 _aتونس: دار المعارف للطباعة والنشر، 1998
300 _a275ص
336 _atext
_btxt
_2rdacontent
337 _aunmediated
_bn
_2rdamedia
338 _avolume
_bnc
_2rdacarrier
650 4 _aالأدباء العرب-نزهة الألباء في طبقات الادباء
_919034
999 _aA6198
_c9766
_d9766